00320 a2200109 4500001001000000005001700010008004100027245003400068100002000102773007100122999001700193ART_4679520260410162000.0260409a 10aLos mitos del régimen sirio1 aKawakibi, Salam0 tArchivos del presenteg- Año 16, Nº 57/58 (ene. 2012)wREV28180 c31180d31180